000 00273nam a2200121Ia 4500
008 190216s9999||||xx |||||||||||||| ||und||
100 _aNanda S Saxsena
245 0 _aReal Analysis
260 _bAllied Publications
300 _a271
650 _aMathematics
942 _cBK
999 _c31682
_d31682